000 00420nam a2200181Ia 4500
008 210210b1925 xxu||||| |||| 00| 0 eng d
041 _aeng
082 _a822/120
100 _aBERESFORD (John)
245 _aLetters of thomas gray
260 _aLondon
_bOxford University Press
_c1925
650 _athomas
650 _aof
650 _aLetters
650 _agray
690 _aEnglish Prose
906 _a012307
999 _c131096
_d131096